[Event "Norway Chess op-A"]
[Site "Stavanger"]
[Date "2025.05.27"]
[Round "2"]
[White "Pang, Ethan"]
[Black "Tulchynskyi, Feliks"]
[Result "1/2-1/2"]
[WhiteElo "2226"]
[BlackElo "2380"]
[PlyCount "95"]
[EventDate "2025.05.27"]
[EventType "swiss"]
[EventRounds "9"]
[EventCountry "NOR"]
[SourceTitle "CB23_2025"]
[SourceDate "2025.06.04"]
[SourceVersion "1"]
[SourceVersionDate "2025.06.04"]
[SourceQuality "1"]

1. e4 e6 2. d4 d5 3. Nd2 c5 4. exd5 Qxd5 5. Ngf3 cxd4 6. Bc4 Qd7 7. 0-0 Nc6 8. Nb3 a6 9. Nbxd4 Nxd4 10. Nxd4 Qc7 11. Bb3 Bd6 12. h3 Ne7 13. c3 0-0 14. a4 Bd7 15. Be3 Rad8 16. Qe2 h6 17. Rfd1 e5 18. Nc2 a5 19. Na3 Bxa3 20. Rxa3 Bc6 21. Raa1 Nd5 22. Bxd5 Rxd5 23. Rxd5 Bxd5 24. Qb5 Bc6 25. Qc5 f5 26. Re1 f4 27. Bc1 f3 28. g4 Qd8 29. Be3 Re8 30. Kh2 Kh8 31. Qb6 Qd5 32. Qc5 Qb3 33. Qxa5 Qxb2 34. Qb4 Qxb4 35. cxb4 Bxa4 36. Rc1 Re7 37. Rc5 Kg8 38. Kg3 e4 39. Kf4 Bc6 40. b5 g5+ 41. Kg3 Be8 42. h4 gxh4+ 43. Kxh4 Kg7 44. g5 h5 45. b6 Kg6 46. Rc8 Bc6 47. Rh8 Rh7 48. Rxh7 1/2-1/2

[Event "Rishon Le Ziyyon IM"]
[Site "Rishon Le Ziyyon"]
[Date "2025.03.04"]
[Round "8"]
[White "Tulchynskyi, Feliks"]
[Black "Dvoirys, Semen I"]
[Result "1-0"]
[WhiteElo "2324"]
[BlackElo "2462"]
[PlyCount "135"]
[EventDate "2025.02.06"]
[EventType "tourn"]
[EventRounds "9"]
[EventCountry "ISR"]
[SourceTitle "CB11_2025"]
[SourceDate "2025.03.12"]
[SourceVersion "1"]
[SourceVersionDate "2025.03.12"]
[SourceQuality "1"]

1. e4 c5 2. c3 Nf6 3. e5 Nd5 4. Nf3 Nc6 5. Bc4 Nb6 6. Bb3 d5 7. exd6 Qxd6 8. 0-0 c4 9. Bc2 Bg4 10. Re1 e6 11. b3 Rd8 12. Na3 cxb3 13. axb3 Be7 14. Be4 Nd5 15. Qc2 a6 16. Nc4 Qc7 17. d4 Bh5 18. Bb2 Bg6 19. Nce5 Nxe5 20. Nxe5 Bxe4 21. Qxe4 0-0 22. c4 Nf6 23. Qh4 Ne8 24. Qh3 Nd6 25. Rad1 Nf5 26. Nf3 Qb6 27. g4 Nh6 28. Rd3 f5 29. g5 Nf7 30. Qg2 Nh8 31. Ne5 Bb4 32. Re2 Ng6 33. Nxg6 hxg6 34. Rde3 Rde8 35. c5 Qb5 36. Qf3 Qd7 37. Re5 f4 38. Qe4 Rf5 39. h4 f3 40. Re3 Rxe5 41. Qxe5 Bd2 42. Rd3 Ba5 43. Rxf3 Qd5 44. Qf4 Bd2 45. Qf7+ Kh7 46. h5 Qxg5+ 47. Rg3 Qxh5 48. Qxe8 Bf4 49. Qxe6 Bxg3 50. fxg3 Qd1+ 51. Kf2 Qc2+ 52. Qe2 Qxb3 53. Qd2 Qd5 54. Bc3 g5 55. Qd3+ Kg8 56. Qf3 Qa2+ 57. Qe2 Qd5 58. Qe8+ Kh7 59. Qe5 Qf7+ 60. Kg1 Qg6 61. d5 g4 62. Qd4 Qb1+ 63. Kg2 Qc2+ 64. Bd2 Qf5 65. Bf4 g5 66. Be3 Qf3+ 67. Kh2 Qe2+ 68. Bf2 1-0

[Event "Rishon Le Ziyyon IM"]
[Site "Rishon Le Ziyyon"]
[Date "2025.02.25"]
[Round "6"]
[White "Tulchynskyi, Feliks"]
[Black "Uritsky, Yonathan"]
[Result "1/2-1/2"]
[WhiteElo "2324"]
[BlackElo "2339"]
[PlyCount "56"]
[EventDate "2025.02.06"]
[EventType "tourn"]
[EventRounds "9"]
[EventCountry "ISR"]
[SourceTitle "CB11_2025"]
[SourceDate "2025.03.12"]
[SourceVersion "1"]
[SourceVersionDate "2025.03.12"]
[SourceQuality "1"]

1. e4 c6 2. Nf3 d5 3. d3 g6 4. e5 Bg7 5. d4 f6 6. exf6 exf6 7. c4 Ne7 8. Be2 Be6 9. b3 0-0 10. 0-0 g5 11. Re1 Ng6 12. Bf1 Re8 13. Nc3 g4 14. Nd2 f5 15. Ndb1 Nd7 16. cxd5 cxd5 17. Ne2 Rc8 18. Nbc3 Nf6 19. Bd2 f4 20. Rc1 Nh5 21. Na4 Rxc1 22. Bxc1 Bf5 23. g3 fxg3 24. hxg3 Be4 25. Nec3 Bf3 26. Rxe8+ Qxe8 27. Be2 b5 28. Bxb5 Qxb5 1/2-1/2

[Event "ISR-chT"]
[Site "Israel"]
[Date "2025.02.14"]
[Round "7.4"]
[White "Postny, Evgeny"]
[Black "Tulchynskyi, Feliks"]
[Result "1/2-1/2"]
[WhiteElo "2551"]
[BlackElo "2291"]
[PlyCount "57"]
[EventDate "2025.01.08"]
[EventType "team-tourn"]
[EventRounds "11"]
[EventCountry "ISR"]
[SourceTitle "CB08_2025"]
[SourceDate "2025.02.19"]
[SourceVersion "1"]
[SourceVersionDate "2025.02.19"]
[SourceQuality "1"]
[WhiteTeam "Beer Sheva"]
[BlackTeam "Rishon Le iZion II"]
[WhiteTeamCountry "ISR"]
[BlackTeamCountry "ISR"]

1. d4 Nf6 2. c4 e6 3. Nf3 a6 4. Nc3 d5 5. cxd5 exd5 6. Bg5 Be6 7. Bxf6 Qxf6 8. Qb3 Ra7 9. h4 Bd6 10. e3 Nd7 11. Bd3 c6 12. Qc2 Bg4 13. 0-0-0 h6 14. e4 dxe4 15. Nxe4 Qf4+ 16. Kb1 0-0 17. Rde1 Bxf3 18. gxf3 Nf6 19. Rhg1 Raa8 20. Bc4 Rad8 21. Nxf6+ Qxf6 22. Rg6 Rfe8 23. Rxe8+ Rxe8 24. Rxf6 Re1+ 25. Qc1 Rxc1+ 26. Kxc1 gxf6 27. Bd3 Kf8 28. Bf5 b6 29. Kd2 1/2-1/2

[Event "Rishon Le Ziyyon IM"]
[Site "Rishon Le Ziyyon"]
[Date "2025.02.11"]
[Round "2"]
[White "Azoulay, Yehonatan"]
[Black "Tulchynskyi, Feliks"]
[Result "0-1"]
[WhiteElo "2206"]
[BlackElo "2324"]
[PlyCount "108"]
[EventDate "2025.02.06"]
[EventType "tourn"]
[EventRounds "9"]
[EventCountry "ISR"]
[SourceTitle "CB11_2025"]
[SourceDate "2025.03.12"]
[SourceVersion "1"]
[SourceVersionDate "2025.03.12"]
[SourceQuality "1"]

1. e4 e6 2. d4 d5 3. e5 c5 4. c3 Nc6 5. Nf3 Bd7 6. Be2 Nge7 7. Na3 cxd4 8. cxd4 Nf5 9. Nc2 Be7 10. 0-0 0-0 11. Bd3 f6 12. exf6 Bxf6 13. Be3 Be8 14. Qd2 Bh5 15. Be2 Qe8 16. Kh1 Rc8 17. Rac1 h6 18. Rg1 Nd6 19. Qe1 Qf7 20. b3 Kh8 21. a3 Rce8 22. Qd1 Bg6 23. Nce1 Be4 24. b4 a6 25. Qd2 Nc4 26. Bxc4 dxc4 27. Qe2 Bd5 28. Nc2 b5 29. Rcd1 Qh5 30. Rde1 Qf5 31. Rd1 Qh5 32. Rde1 Qf5 33. Rc1 e5 34. dxe5 Bxe5 35. Nxe5 Nxe5 36. Nd4 Qe4 37. Qh5 Nd3 38. Rc2 Re5 39. Qh3 Qg6 40. Re2 Rfe8 41. Qd7 Ba8 42. Rd2 Ne1 43. h3 Nxg2 44. Kh2 R5e7 45. Qg4 Qd6+ 46. Qg3 Qxg3+ 47. Kxg3 Nxe3 48. fxe3 Rxe3+ 49. Kh2 Rxa3 50. Nf5 c3 51. Rd3 Re2+ 52. Kg3 Be4 53. Rd8+ Kh7 54. Nd4 Rg2+ 0-1

[Event "ISR-chT"]
[Site "Israel"]
[Date "2025.02.07"]
[Round "5.4"]
[White "Khmelniker, Ilya"]
[Black "Tulchynskyi, Feliks"]
[Result "1/2-1/2"]
[WhiteElo "2449"]
[BlackElo "2291"]
[PlyCount "110"]
[EventDate "2025.01.08"]
[EventType "team-tourn"]
[EventRounds "11"]
[EventCountry "ISR"]
[SourceTitle "CB08_2025"]
[SourceDate "2025.02.19"]
[SourceVersion "1"]
[SourceVersionDate "2025.02.19"]
[SourceQuality "1"]
[WhiteTeam "Beer Sheva II"]
[BlackTeam "Rishon Le iZion II"]
[WhiteTeamCountry "ISR"]
[BlackTeamCountry "ISR"]

1. d4 Nf6 2. Nf3 d5 3. g3 Bf5 4. Bg2 c6 5. c4 e6 6. Nc3 h6 7. Qb3 Qb6 8. c5 Qxb3 9. axb3 a6 10. b4 Ne4 11. h3 Be7 12. g4 Bh7 13. Bf4 0-0 14. h4 Nd7 15. g5 h5 16. Nd2 Nxd2 17. Kxd2 Rad8 18. Bc7 Rc8 19. Bh2 Rfe8 20. Rhg1 Rcd8 21. Bc7 Rc8 22. Bh2 Rcd8 23. e3 Bf5 24. Ne2 Bf8 25. Ng3 g6 26. f3 Bg7 27. Rge1 Nf8 28. Nxf5 exf5 29. Kd3 Ne6 30. Bh3 f6 31. Rg1 Kf7 32. Raf1 Rh8 33. Bd6 Bf8 34. Bxf8 Rhxf8 35. gxf6 Kxf6 36. f4 Rfe8 37. Rg3 Rd7 38. Rfg1 Rg7 39. Kc3 Nf8 40. Kd3 Nh7 41. Kc3 Rgg8 42. Bf1 Kf7 43. Bd3 Nf6 44. Kd2 Re6 45. Rf3 Rge8 46. Re1 Ng4 47. Re2 R8e7 48. Re1 Ke8 49. Re2 Kd7 50. Rg3 Kc7 51. Rf3 Re8 52. Rg3 Ra8 53. Rg1 Re7 54. Ra1 Rae8 55. Rae1 Re6 1/2-1/2

[Event "Rilton Cup 52nd"]
[Site "Stockholm"]
[Date "2025.01.03"]
[Round "7"]
[White "Tulchynskyi, Feliks"]
[Black "Tripathi, Pratyush"]
[Result "1-0"]
[WhiteElo "2325"]
[BlackElo "1963"]
[PlyCount "99"]
[EventDate "2024.12.27"]
[EventType "swiss"]
[EventRounds "9"]
[EventCountry "SWE"]
[SourceTitle "CB02_2025"]
[SourceDate "2025.01.08"]
[SourceVersion "1"]
[SourceVersionDate "2025.01.08"]
[SourceQuality "1"]

1. e4 c6 2. Nf3 d5 3. d3 Qc7 4. Nbd2 Bg4 5. h3 Bxf3 6. Qxf3 e6 7. d4 Nd7 8. Bd3 dxe4 9. Qxe4 Ngf6 10. Qe2 Be7 11. c3 Nd5 12. g3 a5 13. 0-0 0-0 14. Nf3 a4 15. c4 N5f6 16. Bd2 Rfd8 17. Rfe1 Nf8 18. Bc3 a3 19. b4 b5 20. c5 Nd5 21. Bd2 Bf6 22. Bc2 Rd7 23. Rad1 Qd8 24. h4 Ne7 25. Bg5 Nd5 26. Bd2 Ne7 27. Bg5 Nd5 28. Qd2 h6 29. Bxf6 Qxf6 30. Ne5 Rc7 31. f4 Nd7 32. Be4 Qd8 33. Nf3 N7f6 34. Bc2 Ra6 35. Ne5 Nd7 36. Qd3 N7f6 37. Rb1 h5 38. Rb3 Ra4 39. Qd2 Ne7 40. Rf3 Ra6 41. f5 Nxf5 42. Bxf5 exf5 43. Rxf5 Ra4 44. Ref1 Rc8 45. Kh2 Qd5 46. Rxf6 gxf6 47. Rxf6 Re8 48. Qg5+ Kf8 49. Rh6 Qxa2+ 50. Kh3 1-0

[Event "Rilton Cup 52nd"]
[Site "Stockholm"]
[Date "2024.12.28"]
[Round "2"]
[White "Kucuksari, Kaan"]
[Black "Tulchynskyi, Feliks"]
[Result "1/2-1/2"]
[WhiteElo "2455"]
[BlackElo "2325"]
[PlyCount "107"]
[EventDate "2024.12.27"]
[EventType "swiss"]
[EventRounds "9"]
[EventCountry "SWE"]
[SourceTitle "CB02_2025"]
[SourceDate "2025.01.08"]
[SourceVersion "1"]
[SourceVersionDate "2025.01.08"]
[SourceQuality "1"]

1. d4 Nf6 2. c4 e6 3. g3 d5 4. Nf3 Bb4+ 5. Bd2 Be7 6. Bg2 0-0 7. 0-0 c6 8. Qc2 Nbd7 9. Rc1 a5 10. a3 b6 11. cxd5 cxd5 12. Nc3 Ba6 13. Bf4 Nh5 14. Be3 Nhf6 15. Qa4 Ne8 16. Ne5 Nxe5 17. dxe5 Bc5 18. Bxc5 bxc5 19. b4 axb4 20. axb4 Nc7 21. bxc5 Bxe2 22. Qb4 Bc4 23. Rxa8 Nxa8 24. Ne4 Qb8 25. Qc3 dxe4 26. Qxc4 Qxe5 27. Qxe4 Qxe4 28. Bxe4 Rd8 29. Rb1 Kf8 30. Rb7 Rc8 31. Rd7 Ke8 32. Rd2 Nc7 33. Bc6+ Kf8 34. Bb7 Re8 35. f4 Ke7 36. Kf2 Rd8 37. Rxd8 Kxd8 38. Ke3 Nb5 39. Be4 h6 40. Bc6 Na7 41. Ba4 Kc7 42. Be8 f6 43. Ke4 Nc6 44. f5 exf5+ 45. Kxf5 Ne5 46. Ke6 Nf3 47. h4 Nd4+ 48. Kf7 Nf5 49. g4 Nxh4 50. Kxg7 f5 51. gxf5 Nxf5+ 52. Kg6 Nd6 53. cxd6+ Kxd6 54. Kxh6 1/2-1/2

[Event "Kiev Express blitz op"]
[Site "Kiev"]
[Date "2024.08.30"]
[Round "8"]
[White "Paryokha, Serhiy"]
[Black "Tulchynskyi, Feliks"]
[Result "1/2-1/2"]
[WhiteElo "2105"]
[BlackElo "2228"]
[PlyCount "103"]
[EventDate "2024.08.30"]
[EventType "swiss (blitz)"]
[EventRounds "9"]
[EventCountry "UKR"]
[SourceTitle "EXT 2025"]
[Source "ChessBase"]
[SourceDate "2024.10.14"]
[SourceVersion "1"]
[SourceVersionDate "2024.10.14"]
[SourceQuality "1"]

1. d4 Nf6 2. Nf3 e6 3. Bg5 d5 4. e3 Be7 5. c4 0-0 6. Nc3 h6 7. Bh4 c6 8. cxd5 exd5 9. Bd3 Re8 10. 0-0 Ne4 11. Bxe7 Qxe7 12. Bxe4 dxe4 13. Nd2 f5 14. Qc2 Nd7 15. Nc4 Nf6 16. Ne5 Be6 17. Rab1 a5 18. a3 Nd7 19. Nxd7 Qxd7 20. Na4 Qd6 21. Qc5 Qxc5 22. Nxc5 Re7 23. Nxe6 Rxe6 24. Rfc1 g6 25. b3 Kf7 26. Rc5 b6 27. Rc3 Rd6 28. Rbc1 Rc8 29. Kf1 Ke6 30. Ke2 Kd7 31. R1c2 Ra8 32. Rc1 Rg8 33. h4 Rh8 34. Rg1 g5 35. Rh1 Re8 36. hxg5 hxg5 37. Rh5 Rg6 38. Rc1 f4 39. Rh7+ Re7 40. Rh8 Rf7 41. Rb8 Kc7 42. Ra8 Kb7 43. Rh8 Rgf6 44. Rh5 fxe3 45. Kxe3 Rxf2 46. Rxg5 Rb2 47. Rc3 Rff2 48. Kxe4 Rxg2 49. Rxg2 Rxg2 50. d5 cxd5+ 51. Kxd5 Rg5+ 52. Ke4 1/2-1/2

[Event "Kavala op-A 33rd"]
[Site "Kavala"]
[Date "2024.07.30"]
[Round "3"]
[White "Giannoulakis, Labros"]
[Black "Tulchynskyi, Feliks"]
[Result "0-1"]
[WhiteElo "2334"]
[BlackElo "2206"]
[PlyCount "128"]
[EventDate "2024.07.29"]
[EventType "swiss"]
[EventRounds "9"]
[EventCountry "GRE"]
[SourceTitle "EXT 2025"]
[Source "ChessBase"]
[SourceDate "2024.10.14"]
[SourceVersion "1"]
[SourceVersionDate "2024.10.14"]
[SourceQuality "1"]

1. d4 Nf6 2. c4 e6 3. Nc3 Bb4 4. e3 0-0 5. Bd2 d5 6. Nf3 b6 7. cxd5 exd5 8. Bd3 Bb7 9. 0-0 Be7 10. Rc1 c5 11. dxc5 bxc5 12. Qe2 Nbd7 13. b3 Rc8 14. Rfd1 Qc7 15. Be1 Rfe8 16. Ba6 Nb6 17. Bxb7 Qxb7 18. Qb5 a6 19. Qa5 Nbd7 20. Ne2 Nf8 21. Nf4 Ne6 22. Nxe6 fxe6 23. Ng5 Bd8 24. Qd2 h6 25. Nf3 e5 26. Qc2 e4 27. Nd2 Ng4 28. Nb1 Bc7 29. h3 Ne5 30. Nc3 Nd3 31. Rxd3 exd3 32. Qxd3 d4 33. Qc4+ Kh8 34. Nd5 dxe3 35. Nxe3 Be5 36. Bc3 Bd4 37. Nf5 Qd7 38. Nh4 Re4 39. Bxd4 Rxd4 40. Ng6+ Kh7 41. Qc2 Kg8 42. Ne5 Qe6 43. Nc4 Rc7 44. Ne3 Qe4 45. Qe2 Rc6 46. Qh5 Rd2 47. Rc4 Qg6 48. Qf3 Rf6 49. Qg4 Qxg4 50. Nxg4 Rf5 51. f4 Rxa2 52. Ne3 Rf7 53. f5 Rb2 54. Rc3 Rb7 55. Rxc5 R2xb3 56. Ng4 R3b5 57. Rc6 h5 58. Ne3 Ra7 59. g4 hxg4 60. hxg4 Re7 61. Nc4 Re2 62. Na3 Rbb2 63. Kf1 Rf2+ 64. Ke1 Rh2 0-1

[Event "Kavala op-A 33rd"]
[Site "Kavala"]
[Date "2024.07.30"]
[Round "2"]
[White "Tulchynskyi, Feliks"]
[Black "Kilic, Eray"]
[Result "1/2-1/2"]
[WhiteElo "2206"]
[BlackElo "2434"]
[PlyCount "62"]
[EventDate "2024.07.29"]
[EventType "swiss"]
[EventRounds "9"]
[EventCountry "GRE"]
[SourceTitle "EXT 2025"]
[Source "ChessBase"]
[SourceDate "2024.10.14"]
[SourceVersion "1"]
[SourceVersionDate "2024.10.14"]
[SourceQuality "1"]

1. e4 c5 2. c3 Nf6 3. e5 Nd5 4. Nf3 Nc6 5. Bc4 Nb6 6. Bb3 c4 7. Bc2 d6 8. exd6 Qxd6 9. Na3 Bg4 10. Qe2 Bxf3 11. Qxf3 e6 12. b3 Qe5+ 13. Qe2 Bxa3 14. Bxa3 0-0-0 15. Qxe5 Nxe5 16. Bc5 Nd5 17. Be3 Nxe3 18. dxe3 Rd6 19. Ke2 Rhd8 20. Rhd1 Ra6 21. Rd4 cxb3 22. Bxb3 Rad6 23. Rad1 Kc7 24. Ba4 a6 25. f4 Ng4 26. Bb3 Nf6 27. a4 Ng8 28. Rc4+ Kb8 29. Rcd4 Kc7 30. Rc4+ Kb8 31. Rcd4 Kc7 1/2-1/2

[Event "Belgrade Serbia op"]
[Site "Belgrade"]
[Date "2024.07.21"]
[Round "9"]
[White "Tulchynskyi, Feliks"]
[Black "Atalik, Suat"]
[Result "1/2-1/2"]
[WhiteElo "2206"]
[BlackElo "2456"]
[PlyCount "41"]
[EventDate "2024.07.12"]
[EventType "swiss"]
[EventRounds "9"]
[EventCountry "SRB"]
[SourceTitle "CBM 221 Extra"]
[Source "ChessBase"]
[SourceDate "2024.09.30"]
[SourceVersion "1"]
[SourceVersionDate "2024.09.30"]
[SourceQuality "1"]

1. d4 Nf6 2. c4 g6 3. Nc3 d5 4. cxd5 Nxd5 5. e4 Nxc3 6. bxc3 Bg7 7. Nf3 Bg4 8. h3 Bxf3 9. Qxf3 c5 10. d5 Qa5 11. Bd2 Nd7 12. Be2 0-0 13. Qe3 b5 14. 0-0 c4 15. f4 Nb6 16. Rac1 Rad8 17. Rc2 f5 18. Bf3 Kh8 19. exf5 gxf5 20. Qe6 Qa3 21. Qc6 1/2-1/2

[Event "Kiev All Ukranian 2nd"]
[Site "Kiev"]
[Date "2024.06.30"]
[Round "6"]
[White "Tulchynskyi, Feliks"]
[Black "Didok, Danylo"]
[Result "0-1"]
[WhiteElo "2233"]
[BlackElo "1770"]
[PlyCount "124"]
[EventDate "2024.06.30"]
[EventType "swiss (rapid)"]
[EventRounds "9"]
[EventCountry "UKR"]
[SourceTitle "CBM 220 Extra"]
[Source "ChessBase"]
[SourceDate "2024.07.31"]
[SourceVersion "1"]
[SourceVersionDate "2024.07.31"]
[SourceQuality "1"]

1. e4 e6 2. d4 d5 3. e5 c5 4. c3 Nc6 5. Nf3 Nge7 6. a3 cxd4 7. cxd4 Nf5 8. Nc3 Qb6 9. Na4 Qa5+ 10. b4 Qd8 11. Bb2 Bd7 12. Nc5 Rb8 13. Rc1 Be7 14. Bd3 0-0 15. 0-0 b5 16. Qe2 a5 17. Bxb5 Ncxd4 18. Nxd4 Nxd4 19. Bxd4 Bxb5 20. Nd3 axb4 21. axb4 Bxb4 22. Rb1 Qh4 23. Qe3 Bd2 24. Qxd2 Qxd4 25. Rbd1 Bxd3 26. Qxd3 Qxe5 27. f4 Qf6 28. f5 Qg5 29. Rf3 Rb2 30. Rg3 Qf6 31. Rf1 Rfb8 32. fxe6 Qxe6 33. Qd4 g6 34. Rgf3 Rb1 35. Qf4 Rxf1+ 36. Rxf1 Re8 37. h3 Qe3+ 38. Qxe3 Rxe3 39. Rd1 Re5 40. Kf2 f5 41. Kf3 Kf7 42. Ra1 Kf6 43. h4 h6 44. g3 g5 45. hxg5+ hxg5 46. Rd1 g4+ 47. Kf2 Ke6 48. Ra1 Re4 49. Rd1 Ke5 50. Rd2 d4 51. Rd3 Kd5 52. Ra3 Re8 53. Ra5+ Ke4 54. Ke2 Rb8 55. Ra2 Rb3 56. Kf2 Rf3+ 57. Kg2 d3 58. Ra8 d2 59. Re8+ Kd3 60. Rd8+ Kc2 61. Rc8+ Rc3 62. Rd8 d1Q 0-1

[Event "Kiev All Ukranian 2nd"]
[Site "Kiev"]
[Date "2024.06.30"]
[Round "8"]
[White "Tulchynskyi, Feliks"]
[Black "Maliutin, Oleksandr"]
[Result "1/2-1/2"]
[WhiteElo "2233"]
[BlackElo "2214"]
[PlyCount "45"]
[EventDate "2024.06.30"]
[EventType "swiss (rapid)"]
[EventRounds "9"]
[EventCountry "UKR"]
[SourceTitle "CBM 220 Extra"]
[Source "ChessBase"]
[SourceDate "2024.07.31"]
[SourceVersion "1"]
[SourceVersionDate "2024.07.31"]
[SourceQuality "1"]

1. e4 c5 2. c3 d5 3. exd5 Nf6 4. Qa4+ Bd7 5. Qb3 Bc8 6. c4 e6 7. Nc3 Bd6 8. Nf3 0-0 9. Be2 exd5 10. cxd5 Re8 11. 0-0 Nbd7 12. Bc4 Nb6 13. d3 Bg4 14. Nd2 Bh5 15. h3 Bc7 16. Nde4 Nxe4 17. dxe4 Qf6 18. Be3 Bf3 19. gxf3 Qg6+ 20. Kh1 Qh5 21. Kg2 Qg6+ 22. Kh1 Qh5 23. Kg2 1/2-1/2

[Event "Titled Tuesday intern op 11th Jun Late"]
[Site "Chess.com INT"]
[Date "2024.06.11"]
[Round "6"]
[White "Ersoz, Teoman Guney"]
[Black "Tulchynskyi, Feliks"]
[Result "0-1"]
[WhiteElo "2066"]
[BlackElo "2233"]
[PlyCount "38"]
[EventDate "2024.06.11"]
[EventType "swiss (blitz)"]
[EventRounds "11"]
[EventCountry "USA"]
[SourceTitle "EXT 2025"]
[Source "ChessBase"]
[SourceDate "2024.10.14"]
[SourceVersion "1"]
[SourceVersionDate "2024.10.14"]
[SourceQuality "1"]

1. d4 Nf6 2. Nc3 d5 3. Bf4 Bf5 4. e3 c6 5. Bd3 g6 6. h3 Nbd7 7. Nf3 h5 8. Ne5 Bxd3 9. Qxd3 Rg8 10. 0-0-0 e6 11. g4 hxg4 12. hxg4 Nxe5 13. dxe5 Nd7 14. Rh7 Bg7 15. Qe4 dxe4 16. Nxe4 Kf8 17. Nd6 Rh8 18. Rdh1 Rxh7 19. Rxh7 Kg8 0-1